000
00308nam a22001217a 4500
008
181009b xxu||||| |||| 00| 0 eng d
041
_a
eng
080
_a
610
100
_a
4
101
_a
SHM
245
_a
Legal Rights of the Catastrophically ill and injured: A Family Guide
_c
Romano, J.L
942
_2
udc
_c
BK
999
_c
49172
_d
49172